| 000 -ლიდერი |
| ფიქსირებული სიგრძის საკონტროლო ველი |
01329nam a2200253Ia 4500 |
| 001 - საკონტროლო ნომერი |
| საკონტროლო ველი |
18026 |
| 003 - საკონტროლო ნომრის იდენტიფიკატორი |
| საკონტროლო ველი |
GE_BSU |
| 005 - ბოლო ოპერაციის თარიღი და დრო |
| საკონტროლო ველი |
20230615103117.0 |
| 008 - ფიქსირებული სიგრძის მონაცემთა ელემენტები - ზოგადი ინფორმაცია |
| ფიქსირებული სიგრძის საკონტროლო ველი |
181216s1973ge xx |||||||||||||| ||geo|| |
| 040 ## - კატალოგიზაციის წყარო |
| Transcribing agency |
GE_BSU |
| 041 ## - ენის კოდი |
| Language code of text/sound track or separate title |
geo |
| 080 ## - უნივერსალური ათობითი კლასიფიკაციის ინდექსი |
| Universal Decimal Classification number |
821.353.1-13 ვ-43 |
| 245 ## - ცნობა სათაურის შესახებ |
| Title |
ვეფხისტყაოსნის სიმფონია : |
| Remainder of title |
ფუძეთა და სიტყვა-ფორმათა ინდექსი / |
| Statement of responsibility, etc |
რედ. მ. ჭაბაშვილი, ალ. ჭინჭარაული, მხატ: გ.ნადირაძე |
| 264 ## - წარმოების, გამოცემის, დისტრიბუციის და სხვა ცნობები |
| გამოცემის, წარმოების, დისტრიბუციის... ადგილი |
თბილისი : |
| გამოცემის, წარმოების, დისტრიბუციის... სახელწოდება |
მეცნიერება, |
| გამოცემის, წარმოების, დისტრიბუციის... თარიღი |
1973. |
| 300 ## - ფიზიკური აღწერა |
| Extent |
226 გვ. ; |
| Other physical details |
22 სმ. |
| 501 ## - შენიშვნა თანმხლებ მასალაზე |
| With note |
საძიებელი გვ.: 166-224 |
| 653 ## - INDEX TERM--UNCONTROLLED |
| Uncontrolled term |
ვეფხისტყაოსნის სიმფონია |
| 653 ## - INDEX TERM--UNCONTROLLED |
| Uncontrolled term |
რუსთაველი შოთა და მისი "ვეფხისტყაოსანი |
| 653 ## - INDEX TERM--UNCONTROLLED |
| Uncontrolled term |
ფუძეთა და სიტყვა-ფორმათა ინდექსი |
| 700 ## - ADDED ENTRY--PERSONAL NAME |
| Personal name |
ჭაბაშვილი, მ |
| Relator term |
რედაქტორი |
| 9 (RLIN) |
8021 |
| 700 ## - ADDED ENTRY--PERSONAL NAME |
| Personal name |
ჭინჭარაული, ა |
| Relator term |
რედაქტორი |
| 9 (RLIN) |
7682 |
| 700 ## - ADDED ENTRY--PERSONAL NAME |
| Personal name |
ნადირაძე, გ |
| Relator term |
მხატვარი |
| 9 (RLIN) |
18729 |
| 942 ## - ADDED ENTRY ELEMENTS (KOHA) |
| Koha item type |
წიგნი |
| Source of classification or shelving scheme |
|